UBT Library

1000 generations (Record no. 42534)

000 -LEADER
fixed length control field 00754cjm a22002893a 4500
001 - CONTROL NUMBER
control field 13409297
005 - DATE AND TIME OF LATEST TRANSACTION
control field 20180214085457.0
007 - PHYSICAL DESCRIPTION FIXED FIELD--GENERAL INFORMATION
fixed length control field sd fsngnnmmned
008 - FIXED-LENGTH DATA ELEMENTS--GENERAL INFORMATION
fixed length control field 031119s2002 tnuppn d eng
010 ## - LIBRARY OF CONGRESS CONTROL NUMBER
LC control number 2003605950
024 1# - OTHER STANDARD IDENTIFIER
Standard number or code 601212939401
028 02 - PUBLISHER NUMBER
Publisher number G2 6012 1 29394 0 1
Source Vineyard Music
028 02 - PUBLISHER NUMBER
Publisher number VMD9394
Source Vineyard Music
035 ## - SYSTEM CONTROL NUMBER
System control number (DLC) 2003605950
035 ## - SYSTEM CONTROL NUMBER
System control number (DLC)13409297
040 ## - CATALOGING SOURCE
Original cataloging agency DLC
Transcribing agency DLC
041 ## - LANGUAGE CODE
Language code of text/sound track or separate title eng
080 ## - UNIVERSAL DECIMAL CLASSIFICATION NUMBER
Universal Decimal Classification number 32 MYR
082 ## - DEWEY DECIMAL CLASSIFICATION NUMBER
Edition number 32 MYR
100 ## - Rafti
Rafti 23
101 ## - Shkurtesa
Shkurtesa POL
245 00 - TITLE STATEMENT
Title 1000 generations
Statement of responsibility, etc M-g.
511 0# - PARTICIPANT OR PERFORMER NOTE
Participant or performer note M-g.
906 ## - LOCAL DATA ELEMENT F, LDF (RLIN)
a 7
b cbc
c orignew
d 3
e ncip
f 20
g y-soundrec
942 ## - ADDED ENTRY ELEMENTS (KOHA)
Source of classification or shelving scheme
Item type Books
Holdings
Withdrawn status Lost status Source of classification or shelving scheme Damaged status Not for loan Collection code Permanent location Current location Shelving location Date acquired Total Checkouts Full call number Barcode Date last seen Price effective from Koha item type
          Koleksioni i përgjithshem UBT - Lipjan UBT - Lipjan Koleksioni i përgjithshem 02/14/2018   32 MYR 002-2997276 02/14/2018 02/14/2018 Books
UBT Library © 2015-2024. All rights reserved University Education for Business and Technology